Conceptos de Ecología

Збережено в:
Бібліографічні деталі
Автор: Kormondy, Edward John
Формат: Книга
Мова:Іспанська
Опубліковано: Madrid Alianza 1973
Серія:Alianza Universidad
Предмети:
Теги: Додати тег
Немає тегів, Будьте першим, хто поставить тег для цього запису!

MARC

LEADER 00000nam a2200000 a 4500
001 UCW0502
003 CL-VaPUC
005 20210527001553.0
008 910826e19730000SP |||||||||||||||||spa|d
999 |c 215645  |d 215643 
040 |c Pontificia Universidad Católica de Valparaíso 
082 0 4 |a 577 KOR 1973  |2 21 
100 |a Kormondy, Edward John  |9 490601 
245 1 0 |a Conceptos de Ecología 
260 |a Madrid  |b Alianza  |c 1973 
300 |a 248 páginas 
490 0 |a Alianza Universidad 
583 |a last modification  |c 19910826 00:00:00  |k Rodrigo Vera 
650 0 |a Ecología   |9 258124 
650 0 |a Ecosistemas  |9 261477 
942 |c BK  |2 ddc 
945 |d 19910826 00:00:00 
952 |0 0  |1 0  |2 ddc  |4 0  |6 577_000000000000000_KOR_1973  |7 0  |8 A  |9 200232  |a BIBING  |b BIBING  |d 2019-11-14  |i 1658182  |l 1  |o 577 KOR 1973  |p 1658182  |r 2025-01-20  |s 2023-12-04  |t 7  |w 2019-11-14  |y BK  |k GEO